00582 a2200169 4500001001000000005001700010008004100027245012000068100002400188700002200212700002000234700002100254700002300275700002500298773007200323999001700395ART_4788920260410161721.0260409a 10aTratamientos alternativos discrecionales previstos en las Normas Internacionales de Información Financiera (NIIF)1 aQuadro, Martín E.1 aWerbin, Eliana M.1 aBertoldi, Norma1 aPriotto, Hugo C.1 aVeteri, Liliana J.1 aPellegrinet, Mariano0 tContabilidad y auditoríag- Año 24, Nº 47 (jun. 2018)wREV1723 c17004d17004